| 000 | 00383nam a22001577a 4500 | ||
|---|---|---|---|
| 005 | 20160521101024.0 | ||
| 008 | 160521b xxu||||| |||| 00| 0 eng d | ||
| 041 | _aeng | ||
| 082 | _b3668 | ||
| 100 |
_aDr. A.B. Mathur Prof U.P. Jaggi _9919 |
||
| 245 | _aEngineering Mathematics | ||
| 260 | _bKhanna Publishing | ||
| 300 | _a516 | ||
| 650 |
_aDIPLOMA ENGINEERING _9817 |
||
| 942 | _cBK | ||
| 999 |
_c1257 _d1257 |
||